Представление документа в формате RUSMARC

ПолеНазваниеЗначение
  Тип записи a
  Библиографический уровень m
001 Контрольный номер RU/CBS_UL/BASE/0131b41573fa47c885d51dd29abc00f7
005 Дата корректировки 20250123115618.0
101 Язык документа 0_
a Язык текста rus
102 Страна публикации __
a Страна публикации RU
200 Заглавие и сведения об ответственности 0_
a Заглавие № 1 (10 янв.)
210 Выходные данные 1_
d Дата издания 2025
461 Уровень набора _0
1 2001
a Ялгат
v № 1 (10 янв.)
1 210
d 2025
801 Источник записи _1
a Страна RU
b Организация МБУК ЦБС г. Ульяновска
g Правила каталогизации RCR
901 Тип документа __
w Контрольный № источника RU/CBS_UL/BASE/551816273
t Тип документа h
909 Создатель записи __
a Создатель записи lib17